[Event "World Blitz 2023"]
[Site "Samarkand UZB"]
[Date "2023.12.30"]
[Round "13.2"]
[White "Smirnov, Anton"]
[Black "Makarian, Rudik"]
[Result "0-1"]
[WhiteElo "2647"]
[BlackElo "2540"]
[EventDate "2023.12.29"]

1. e4 c5 2. Nf3 d6 3. d4 cxd4 4. Nxd4 Nf6 5. Nc3 a6 6. Bd2 Nc6 7. Nxc6 bxc6
8. Bd3 g6 9. O-O Bg7 10. Na4 O-O 11. Qe1 a5 12. Rd1 Nd7 13. b3 Bb7 14. Kh1
Qc7 15. f4 c5 16. c4 Bc6 17. Nc3 a4 18. Nd5 Bxd5 19. exd5 axb3 20. axb3
Rfe8 21. Rf3 Ra2 22. Bc3 Bxc3 23. Qxc3 Qa5 24. Qc1 Qa3 25. Bf1 Qxc1 26.
Rxc1 Nf6 27. Re1 Rb2 28. f5 Ng4 29. Rg3 Ne5 30. h4 Rb8 31. h5 R8xb3 32.
Rxb3 Rxb3 33. h6 gxf5 34. Ra1 f6 35. Be2 Ng4 36. Bxg4 fxg4 37. Kh2 Kf7 38.
Ra8 f5 39. Rh8 Kg6 40. Re8 Re3 41. Rf8 Re5 42. Kg3 Kxh6 43. Kh4 Kg6 44.
Rg8+ Kf7 45. Rh8 Kg7 46. Re8 h6 47. Kg3 Kf7 48. Rh8 Kg6 49. Kh4 Re2 50. Ra8
Rxg2 51. Rg8+ Kf7 52. Rh8 Rh2+ 53. Kg3 Rh3+ 54. Kg2 Kf6 55. Rh7 h5 0-1

[Event "World Blitz 2023"]
[Site "Samarkand UZB"]
[Date "2023.12.30"]
[Round "13.4"]
[White "Petrosyan, Manuel"]
[Black "Fressinet, Laurent"]
[Result "1/2-1/2"]
[WhiteElo "2556"]
[BlackElo "2636"]
[EventDate "2023.12.29"]

1. Nf3 d5 2. e3 Nf6 3. c4 e6 4. Nc3 Bd6 5. b3 O-O 6. Bb2 c5 7. cxd5 exd5 8.
d4 Nc6 9. Be2 cxd4 10. Nxd4 Nxd4 11. Qxd4 Re8 12. Rd1 Be5 13. Qd2 Be6 14.
O-O Rc8 15. Bf3 a6 16. Ne2 Qc7 17. Rc1 Qd6 18. Bxe5 Qxe5 19. Qd4 Qxd4 20.
Nxd4 Bd7 21. Rfd1 a5 22. Kf1 Kf8 23. Ke1 Ke7 24. Kd2 Kd6 25. h3 g6 26. g4
g5 27. Bg2 h5 28. f3 hxg4 29. hxg4 Rxc1 30. Rxc1 Rh8 31. Rh1 Rxh1 32. Bxh1
Ne8 33. Bg2 Nc7 34. Bf1 Ne6 35. Bd3 Nxd4 1/2-1/2

[Event "World Blitz 2023"]
[Site "Samarkand UZB"]
[Date "2023.12.30"]
[Round "13.5"]
[White "Lazavik, Denis"]
[Black "Sargsyan, Shant"]
[Result "1-0"]
[WhiteElo "2556"]
[BlackElo "2633"]
[EventDate "2023.12.29"]

1. d4 Nf6 2. c4 g6 3. g3 Bg7 4. Bg2 c5 5. dxc5 Qa5+ 6. Nc3 Qxc5 7. Bd2 Qxc4
8. Rc1 Na6 9. Nd5 Qb5 10. Bc3 Nxd5 11. Bxg7 Rg8 12. Bh6 Ndc7 13. Nf3 Qxb2
14. O-O Qxa2 15. Nd4 d6 16. Ra1 Qb2 17. Qd3 Nc5 18. Qe3 e5 19. Rfd1 f6 20.
Rab1 Qa2 21. Nb5 Nxb5 22. Rxb5 Qa6 23. Rxc5 dxc5 24. Qxc5 Be6 25. Qc7 Qb6
26. Qxh7 Bf7 27. Be3 Qb5 28. Qh4 g5 29. Qe4 Rd8 30. Rc1 Bd5 31. Qf5 Qd7 32.
Qxf6 Bxg2 33. Kxg2 Qd6 34. Qf5 Qd5+ 35. Kg1 Rg7 36. Bxg5 Ra8 37. Bf6 Rf7
38. Qg6 Kd7 39. Qg4+ Kd6 40. Bg5 a5 41. Qa4 Rc7 42. Rd1 Qxd1+ 43. Qxd1+ Ke6
44. Qb3+ Kf5 45. Be3 a4 46. Qb6 Rcc8 47. g4+ Ke4 48. Qxb7+ 1-0

[Event "World Blitz 2023"]
[Site "Samarkand UZB"]
[Date "2023.12.30"]
[Round "13.6"]
[White "Suleymanli, Aydin"]
[Black "Anton Guijarro, David"]
[Result "1-0"]
[WhiteElo "2553"]
[BlackElo "2616"]
[EventDate "2023.12.29"]

1. c4 e5 2. Nc3 d6 3. g3 f5 4. d4 Be7 5. Bh3 Na6 6. b3 c6 7. Bb2 e4 8. d5
Nf6 9. Bg2 O-O 10. Nh3 Nc5 11. O-O a5 12. Qd2 Bd7 13. Rad1 Qb6 14. Ba1 a4
15. b4 Qxb4 16. dxc6 Bxc6 17. Nxe4 Qxd2 18. Nxd2 Nfe4 19. Nf4 a3 20. Nf3
Ra4 21. Rc1 Bf6 22. Bxf6 Rxf6 23. Nd4 Rb4 24. Nxc6 bxc6 25. Nd3 Rb2 26.
Nxb2 axb2 27. Rc2 Na4 28. Rb1 d5 29. cxd5 cxd5 30. Rbxb2 Nxb2 31. Rxb2 Ra6
32. Rc2 Kf7 33. Bf3 Kf6 34. Kg2 g5 35. h3 Ra3 36. Rc6+ Ke5 37. Rc7 h6 38.
Rh7 Rxa2 39. Rxh6 Nd2 40. Bh5 Ne4 41. Rh8 Nc3 42. Rf8 f4 43. gxf4+ gxf4 44.
Bg4 Ne4 45. Re8+ Kd4 46. Kf3 Nf6 47. Re6 Nd7 48. Kxf4 Nc5 49. Re3 Ra8 50.
Bf3 Rf8+ 51. Kg3 Rg8+ 52. Kh2 Rf8 53. Kg1 Rg8+ 54. Kf1 Rh8 55. Bg4 Rf8 56.
Rf3 Rh8 57. Rf4+ Ke5 58. e3 Ra8 59. Rf5+ Kd6 60. Bf3 Ne4 61. Bxe4 dxe4 62.
h4 Rg8 63. Rg5 Rh8 64. Rg4 Ke5 65. Kg2 Kf5 66. Kg3 Ke5 67. Rg5+ Ke6 68. h5
Rf8 69. h6 Rh8 70. Rh5 Kf6 71. h7 Kg6 72. Rh3 Kg5 73. Rh4 1-0

[Event "World Blitz 2023"]
[Site "Samarkand UZB"]
[Date "2023.12.30"]
[Round "13.7"]
[White "Cheparinov, Ivan"]
[Black "Uskov, Artem"]
[Result "0-1"]
[WhiteElo "2613"]
[BlackElo "2328"]
[EventDate "2023.12.29"]

1. d4 Nf6 2. c4 e6 3. g3 d5 4. Bg2 Bb4+ 5. Nd2 O-O 6. Nf3 b6 7. O-O Bb7 8.
Ne5 Qc8 9. Qc2 c5 10. cxd5 Nxd5 11. e4 Nf6 12. Ndc4 cxd4 13. Bf4 b5 14. Qb3
Qc5 15. Rac1 Qe7 16. Nd2 Nh5 17. a3 Nxf4 18. axb4 Ne2+ 19. Kh1 Nxc1 20.
Rxc1 Na6 21. Nd3 Rac8 22. Ra1 Qc7 23. Ra5 Qc2 24. Qxc2 Rxc2 25. Nb3 Nxb4
26. Nxb4 Rxb2 0-1

[Event "World Blitz 2023"]
[Site "Samarkand UZB"]
[Date "2023.12.30"]
[Round "13.8"]
[White "Iljiushenok, Ilia"]
[Black "Petrosian, Tigran L."]
[Result "0-1"]
[WhiteElo "2479"]
[BlackElo "2610"]
[EventDate "2023.12.29"]

1. e4 c6 2. Nf3 d5 3. d3 g6 4. e5 Bg7 5. d4 Bg4 6. Nbd2 e6 7. h3 Bxf3 8.
Nxf3 Ne7 9. Bd3 Qb6 10. c3 c5 11. dxc5 Qxc5 12. O-O Nd7 13. Bf4 Qc7 14. Qe2
Nc6 15. Rfe1 a6 16. Rad1 b5 17. Qe3 O-O 18. h4 Qb6 19. Qd2 Qc7 20. Qe3 Qb6
21. Qd2 Qb8 22. Qe3 Qa7 23. Qd2 Na5 24. Bh6 Qc7 25. h5 Nxe5 26. Nxe5 Bxe5
27. Bxf8 Rxf8 28. Qg5 Bh2+ 29. Kh1 Qf4 30. Qxf4 Bxf4 31. a4 bxa4 32. Ra1
Nb7 33. Rxa4 Nc5 34. Rd4 a5 35. b4 Bd2 36. bxc5 Bxe1 37. Ba6 Bxf2 38. Ra4
Bxc5 39. Rxa5 Ra8 40. Rxc5 Rxa6 41. h6 Kf8 42. Rc8+ Ke7 43. Rh8 Kf6 44.
Rxh7 Ra8 45. g4 g5 46. Kg2 Rc8 47. Rg7 Rh8 0-1

[Event "World Blitz 2023"]
[Site "Samarkand UZB"]
[Date "2023.12.30"]
[Round "13.9"]
[White "Dreev, Aleksey"]
[Black "Kovalev, Vladislav"]
[Result "1-0"]
[WhiteElo "2599"]
[BlackElo "2539"]
[EventDate "2023.12.29"]

1. d4 Nf6 2. Nf3 d5 3. c4 e6 4. Bg5 h6 5. Bxf6 Qxf6 6. Nc3 c6 7. g3 g6 8.
Bg2 Bg7 9. O-O O-O 10. Rc1 Nd7 11. e3 Rd8 12. Qe2 dxc4 13. Nd2 Nb6 14. Nxc4
Qe7 15. Rfd1 Bd7 16. a3 Be8 17. h4 h5 18. Bf3 Rac8 19. b4 Nd5 20. Ne4 b6
21. Ne5 c5 22. bxc5 bxc5 23. Qa6 Rc7 24. Ng5 cxd4 25. exd4 Rxc1 26. Rxc1
Nb6 27. Bc6 f6 28. Bxe8 Qxe8 29. Nc6 Rc8 30. Ne7+ Qxe7 31. Rxc8+ Nxc8 32.
Qxc8+ Qf8 33. Qxe6+ Kh8 34. Nf7+ Kh7 35. Nd6 Qb8 36. Ne8 Qb1+ 37. Kg2 Bf8
38. Qf7+ 1-0

[Event "World Blitz 2023"]
[Site "Samarkand UZB"]
[Date "2023.12.30"]
[Round "13.10"]
[White "Bharath, Subramaniyam H"]
[Black "Yakubboev, Nodirbek"]
[Result "0-1"]
[WhiteElo "2435"]
[BlackElo "2582"]
[EventDate "2023.12.29"]

1. b3 e5 2. Bb2 Nc6 3. c4 Nf6 4. e3 d5 5. cxd5 Nxd5 6. a3 f6 7. Qc2 Be6 8.
Nf3 Qd7 9. b4 O-O-O 10. Nc3 Nxc3 11. Bxc3 Bf5 12. Qa4 Kb8 13. b5 Ne7 14. e4
Bg4 15. Be2 Ng6 16. h3 Bxf3 17. Bxf3 Nf4 18. O-O Bc5 19. Qc4 b6 0-1

[Event "World Blitz 2023"]
[Site "Samarkand UZB"]
[Date "2023.12.30"]
[Round "13.11"]
[White "Fedoseev, Vladimir"]
[Black "Rakhmanov, Aleksandr"]
[Result "0-1"]
[WhiteElo "2719"]
[BlackElo "2521"]
[EventDate "2023.12.29"]

1. d4 Nf6 2. c4 d6 3. Nc3 e5 4. Nf3 e4 5. Ng5 Qe7 6. h4 h6 7. Nh3 g6 8. Nf4
c6 9. e3 Bg7 10. Be2 h5 11. b3 Bf5 12. a4 a5 13. Ba3 Na6 14. Qd2 O-O 15.
Rc1 Rfe8 16. Bd1 Nb4 17. Nce2 c5 18. Ng3 Bd7 19. d5 Bg4 20. Kf1 Bxd1 21.
Rxd1 Ng4 22. Bb2 Bxb2 23. Qxb2 Qe5 24. Qxe5 Rxe5 25. Nge2 Kf8 26. Nc3 Ke7
27. Ke2 Kd7 28. Nh3 Na6 29. Ng5 f5 30. Ne6 Nc7 31. Nf4 Rg8 32. Rde1 Ree8
33. Nd1 Ke7 34. f3 Nf6 35. Nf2 Kd7 36. N2h3 Re7 37. Ng5 Rge8 38. Nxg6 exf3+
39. Kxf3 Rg7 40. Nf4 Ne4 41. Nxh5 Rg6 42. Nxe4 fxe4+ 43. Kf2 Rf8+ 44. Nf4
Ne8 45. h5 Rgg8 46. Rh4 Nf6 47. Kg1 Rf7 48. Rf1 Ng4 49. Ng6 Rxf1+ 50. Kxf1
Nxe3+ 51. Kg1 Re8 52. h6 Nf5 53. Rh5 Ng3 54. Rh3 e3 55. Nf4 e2 56. Nxe2
Nxe2+ 57. Kf2 Nf4 58. Rf3 Ng6 59. g4 Ke7 60. Kg3 Rf8 61. Re3+ Ne5 62. g5
Kf7 0-1

[Event "World Blitz 2023"]
[Site "Samarkand UZB"]
[Date "2023.12.30"]
[Round "13.12"]
[White "Quparadze, Giga"]
[Black "Najer, Evgeniy"]
[Result "0-1"]
[WhiteElo "2617"]
[BlackElo "2545"]
[EventDate "2023.12.29"]

1. e4 e6 2. d4 d5 3. Nc3 Nf6 4. Bg5 h6 5. Bxf6 Qxf6 6. a3 Qd8 7. Nf3 g6 8.
Bd3 Bg7 9. O-O O-O 10. Ne2 c5 11. c3 cxd4 12. cxd4 dxe4 13. Bxe4 Nc6 14.
Rc1 Bd7 15. b4 Rc8 16. Qb3 Qb6 17. d5 exd5 18. Bxd5 Ne7 19. Bc4 Bb5 20.
Bxb5 Qxb5 21. Ng3 Nf5 22. a4 Qd7 23. Rcd1 Qe6 24. Qxe6 fxe6 25. Rfe1 Rc4
26. Rxe6 Rxb4 27. Rxg6 Rxa4 28. h4 Nxh4 29. Nxh4 Rxh4 30. Rd7 Rf7 31. Rxf7
Kxf7 32. Rxg7+ Kxg7 33. Nf5+ Kf6 34. Nxh4 a5 35. Nf3 a4 36. Kf1 a3 37. Nd2
a2 38. Nb3 Ke5 39. Ke2 h5 40. Kd3 h4 41. Kc2 Ke4 42. Kb2 Kd3 43. Nc1+ Kd2
44. Kxa2 Kxc1 45. f4 Kc2 46. f5 b5 47. f6 b4 48. f7 b3+ 49. Ka3 b2 50. f8=Q
b1=Q 51. Qf5+ Kc1 52. Qf4+ Kc2 53. Qe4+ Kc1 54. Qf4+ Kc2 55. Qf2+ Kc3 56.
Qc5+ Kd2 57. Qf2+ Kc3 58. Qf3+ Qd3 59. Qc6+ Kd2+ 60. Kb2 Qd4+ 61. Kb3 Ke1
62. Qf3 Qd1+ 63. Qxd1+ Kxd1 64. Kc3 Ke2 65. Kc2 Kf2 0-1

[Event "World Blitz 2023"]
[Site "Samarkand UZB"]
[Date "2023.12.30"]
[Round "13.13"]
[White "Christiansen, Johan-Sebastian"]
[Black "Niemann, Hans Moke"]
[Result "1-0"]
[WhiteElo "2541"]
[BlackElo "2614"]
[EventDate "2023.12.29"]

1. e4 c5 2. Nf3 Nc6 3. b4 cxb4 4. d4 d5 5. exd5 Qxd5 6. c4 Qe4+ 7. Be3 Nf6
8. Bd3 Qg4 9. d5 Nd8 10. h3 Qh5 11. Nbd2 g6 12. Nf1 Nxd5 13. cxd5 Qxd5 14.
Bd4 f6 15. Ne3 Qd7 16. O-O Bg7 17. Qb3 Nc6 18. Bb5 a6 19. Bxc6 bxc6 20.
Rad1 Qe6 21. Qxb4 O-O 22. Rfe1 Qf7 23. Bc5 Re8 24. Nd4 Bd7 25. Qb7 e5 26.
Nxc6 Be6 27. Qxf7+ Kxf7 28. Nb4 Rec8 29. Bd6 Ra7 30. Rc1 a5 31. Rxc8 Bxc8
32. Nbd5 Be6 33. Rc1 f5 34. Nc3 Rd7 35. Bc5 e4 36. a4 f4 37. Nf1 Bf5 38.
Nb5 Be5 39. Bb6 g5 40. Bc7 Bb2 41. Rb1 Bf6 42. Nd6+ Ke6 43. Nxf5 Kxf5 44.
Bxa5 Rd3 45. Be1 Ra3 46. a5 Bd4 47. Rd1 Ke5 48. Nd2 Kd5 49. Nf1 e3 50. fxe3
fxe3 51. Nxe3+ Kc5 52. Rxd4 1-0

[Event "World Blitz 2023"]
[Site "Samarkand UZB"]
[Date "2023.12.30"]
[Round "13.14"]
[White "Petrov, Nikita"]
[Black "Ponomariov, Ruslan"]
[Result "1/2-1/2"]
[WhiteElo "2521"]
[BlackElo "2613"]
[EventDate "2023.12.29"]

1. d4 Nf6 2. Bg5 Nc6 3. Nf3 Ne4 4. Bf4 d5 5. Nbd2 Bf5 6. e3 e6 7. Nxe4 Bxe4
8. Bd3 Bd6 9. Bg3 Bxf3 10. Qxf3 Nb4 11. O-O O-O 12. Qe2 Rc8 13. a3 1/2-1/2

[Event "World Blitz 2023"]
[Site "Samarkand UZB"]
[Date "2023.12.30"]
[Round "13.15"]
[White "Predke, Alexandr"]
[Black "Moiseenko, Alexander"]
[Result "1-0"]
[WhiteElo "2594"]
[BlackElo "2556"]
[EventDate "2023.12.29"]

1. d4 Nf6 2. c4 e6 3. Nf3 Bb4+ 4. Nc3 c5 5. g3 cxd4 6. Nxd4 O-O 7. Bg2 d5
8. O-O dxc4 9. Ndb5 Nc6 10. Bf4 e5 11. Bg5 Be6 12. Qxd8 Raxd8 13. Nc7 h6
14. Bxf6 gxf6 15. N3d5 Kg7 16. Rfc1 Ba5 17. Nxe6+ fxe6 18. Ne3 Nd4 19. Rxc4
Nxe2+ 20. Kf1 Rd2 21. Rg4+ Kf7 22. Nc4 Nd4 23. Nxa5 Rc8 24. Nxb7 Rcc2 25.
Nd6+ Kf8 26. Ne4 Re2 27. Rh4 f5 28. Kg1 fxe4 29. Bxe4 Rxb2 30. Rxh6 Rxe4
31. Rh7 Ree2 32. Rc1 Rec2 33. Rxc2 Rxc2 34. Rxa7 e4 35. h4 Nf3+ 36. Kf1 Ne5
37. Ra4 e3 38. fxe3 Ke7 39. h5 Kf6 40. h6 Kg6 41. Rh4 Nf3 42. h7 Nh2+ 43.
Ke1 Nf3+ 44. Kd1 Rd2+ 45. Kc1 Nxh4 46. Kxd2 Nf3+ 47. Ke2 Ng1+ 48. Kf1 Kxh7
1-0

[Event "World Blitz 2023"]
[Site "Samarkand UZB"]
[Date "2023.12.30"]
[Round "13.16"]
[White "Mitrabha, Guha"]
[Black "Sychev, Klementy"]
[Result "1-0"]
[WhiteElo "2512"]
[BlackElo "2583"]
[EventDate "2023.12.29"]

1. Nf3 Nf6 2. d4 c6 3. c4 d5 4. cxd5 cxd5 5. Nc3 Nc6 6. Bf4 Bf5 7. e3 e6 8.
Bb5 Nd7 9. O-O Be7 10. Rc1 O-O 11. h3 Rc8 12. Be2 a6 13. Na4 Qa5 14. a3 Qd8
15. b4 a5 16. b5 Na7 17. Qb3 b6 18. Qb2 h6 19. Rxc8 Nxc8 20. Rc1 Nd6 21.
Rc6 Nc4 22. Bxc4 dxc4 23. Rxc4 Be4 24. Nd2 Bd5 25. Rc1 f5 26. Nc3 Bb7 27.
Qb3 Rf6 28. Ne2 Bd5 29. Qc3 e5 30. dxe5 Rg6 31. Bg3 Nc5 32. Nf4 Rxg3 33.
fxg3 Bb7 34. Nb3 Qd7 35. Qc4+ Kh7 36. Nd4 Bg5 37. Kh2 Bd8 38. Qc2 Be4 39.
Qc4 Qb7 40. Nc6 Qd7 41. Qd4 Bxc6 42. bxc6 Qc8 43. Qd5 Be7 44. e6 Qf8 45. c7
g5 46. Ne2 f4 47. exf4 h5 48. Rxc5 bxc5 49. Qd7 h4 50. c8=Q 1-0

[Event "World Blitz 2023"]
[Site "Samarkand UZB"]
[Date "2023.12.30"]
[Round "13.17"]
[White "Vasquez Schroeder, Rodrigo"]
[Black "Daneshvar, Bardiya"]
[Result "1-0"]
[WhiteElo "2582"]
[BlackElo "2483"]
[EventDate "2023.12.29"]

1. e4 e5 2. Nf3 Nc6 3. Bb5 Nf6 4. d3 Bc5 5. c3 O-O 6. O-O d6 7. h3 a6 8.
Ba4 h6 9. Re1 b5 10. Bb3 Bb7 11. Nbd2 Bb6 12. Nf1 Ne7 13. Ng3 c5 14. Bc2
Ng6 15. d4 Re8 16. d5 c4 17. Be3 a5 18. Qd2 Bxe3 19. Qxe3 a4 20. a3 Bc8 21.
Ne2 Nh7 22. Kh2 Ng5 23. Nfg1 h5 24. Nf3 Nxf3+ 25. Qxf3 Qg5 26. Ng1 h4 27.
Qe3 Qf6 28. Bd1 Nf4 29. Be2 Bd7 30. Bf1 g6 31. g3 Nh5 32. Nf3 hxg3+ 33.
fxg3 Kg7 34. Bg2 Rh8 35. Rf1 Qe7 36. Rf2 Nf6 37. Nh4 Raf8 38. Kg1 Nh5 39.
Rf3 Nxg3 40. Nxg6 fxg6 41. Rxg3 Rf4 42. Rf1 Rhf8 43. Rff3 Qh4 44. Kh2 R8f7
45. Qf2 Rxf3 46. Bxf3 Qf4 47. Kg2 Qc1 48. Qe2 Rf6 49. Bg4 Bxg4 50. Rxg4 Qb1
51. Rg3 Rf4 52. Rg4 Rf6 53. h4 Kh7 54. h5 gxh5 55. Rg5 Rh6 56. Qf3 Qc2+ 57.
Kh3 Rg6 58. Qf7+ 1-0

[Event "World Blitz 2023"]
[Site "Samarkand UZB"]
[Date "2023.12.30"]
[Round "13.18"]
[White "Tari, Aryan"]
[Black "Bocharov, Dmitry"]
[Result "1/2-1/2"]
[WhiteElo "2577"]
[BlackElo "2482"]
[EventDate "2023.12.29"]

1. c4 e5 2. g3 d5 3. cxd5 Qxd5 4. Nf3 Nc6 5. Nc3 Qd8 6. Bg2 Nf6 7. O-O Bc5
8. b4 Bd6 9. a3 O-O 10. d3 Re8 11. Bg5 h6 12. Bxf6 Qxf6 13. Ne4 Qd8 14. Rc1
Bf8 15. b5 Nd4 16. Nxd4 exd4 17. a4 a6 18. Qc2 axb5 19. axb5 Bg4 20. h3 Bh5
21. g4 Bg6 22. Qxc7 Qh4 23. Qg3 Qd8 24. Qc7 Qh4 25. Qxb7 h5 26. gxh5 Bxe4
27. dxe4 Bd6 28. Rfd1 Rab8 29. Qd5 Qf4 30. Rc6 Be5 31. b6 Red8 32. Qc4 d3
33. Rxd3 Rxd3 34. Qxd3 Ra8 35. Qg3 Ra1+ 36. Kh2 Qg5 37. b7 Bxg3+ 38. fxg3
Rb1 39. Rc8+ Kh7 40. b8=Q Rxb8 41. Rxb8 Qxh5 42. Bf3 Qc5 43. Kg2 g6 44. h4
Kg7 45. Rd8 Qe3 46. Rd3 Qc5 47. Rd5 Qe3 48. e5 Kf8 49. Rb5 Ke7 50. Rb7+ Kf8
51. Rb5 Ke7 52. Rd5 Kf8 53. g4 Ke7 54. Ra5 Qc3 55. Rb5 Qe3 56. Rb7+ Kf8 57.
Rb5 Ke7 58. Rd5 Qc1 59. Rd4 Qe3 60. Re4 Qc5 61. h5 gxh5 62. gxh5 Qc1 63.
Rh4 Qg5+ 64. Kh3 Qh6 65. Rb4 Qg5 66. Rb7+ Kf8 67. Rb5 Kg7 68. Rd5 Qf5+ 69.
Kg3 Qg5+ 70. Kh3 Qf5+ 71. Kg2 Qf4 72. Kf2 Kh6 73. Rd6+ Kg5 74. Rf6 Qd4+ 75.
Kg2 Qxe5 76. Rxf7 Kh6 77. Rb7 Qc5 78. Rf7 Qg5+ 79. Kh3 Qe5 80. Rb7 Qf5+ 81.
Kg2 Qg5+ 82. Kf1 Qc1+ 83. Kf2 Qc5+ 84. Kg3 Qe5+ 85. Kg2 Qg5+ 86. Kf2 Qc5+
87. e3 Qc2+ 88. Kg3 Qc5 89. Kf2 Qc2+ 90. Kg3 Qc5 91. Rb3 Kg5 92. Rd3 Qc7+
93. Kh3 Qc8+ 94. Kg3 Qc7+ 95. Kh3 Qc8+ 96. Kg3 Qc7+ 97. Kh3 1/2-1/2

[Event "World Blitz 2023"]
[Site "Samarkand UZB"]
[Date "2023.12.30"]
[Round "13.19"]
[White "Dardha, Daniel"]
[Black "Gokerkan, Cem Kaan"]
[Result "1-0"]
[WhiteElo "2568"]
[BlackElo "2365"]
[EventDate "2023.12.29"]

1. Nf3 Nf6 2. c4 g6 3. g3 Bg7 4. Bg2 c6 5. O-O O-O 6. d4 d5 7. Qb3 a5 8.
Rd1 a4 9. Qb4 dxc4 10. Qxc4 Be6 11. Qb4 b5 12. Qe1 Bf5 13. a3 Nbd7 14. Nc3
Nb6 15. Ne5 Rc8 16. Nxc6 Qe8 17. Ne5 Nc4 18. e4 Bd7 19. Nxc4 Rxc4 20. e5
Ng4 21. h3 Nh6 22. g4 Kh8 23. Be3 f5 24. g5 Nf7 25. f4 Nxg5 26. fxg5 f4 27.
Bf2 f3 28. Bf1 Qc8 29. Bxc4 bxc4 30. Kh2 Bxh3 31. Qe4 Bf5 32. Qh4 Bd3 33.
Ne4 Qb8 34. Rd2 Rf5 35. Ng3 Rf8 36. Rc1 Kg8 37. Qg4 Kh8 38. Rh1 Qb6 39. Qh4
Kg8 40. Kg1 Qa5 41. Be3 f2+ 42. Kg2 Qa8+ 43. Kh2 f1=N+ 44. Nxf1 Rf3 45. Qg4
Bf5 46. Qg2 Rh3+ 47. Kg1 Rxh1+ 48. Qxh1 Be4 49. Qh3 Qa5 50. Qe6+ Kf8 51.
Rf2+ Bf5 52. Qc8+ Kf7 53. e6# 1-0

[Event "World Blitz 2023"]
[Site "Samarkand UZB"]
[Date "2023.12.30"]
[Round "13.20"]
[White "Orozbaev, Eldiar"]
[Black "Jumabayev, Rinat"]
[Result "1-0"]
[WhiteElo "2236"]
[BlackElo "2561"]
[EventDate "2023.12.29"]

1. e4 e5 2. Nc3 Nf6 3. d4 exd4 4. Qxd4 Nc6 5. Qd3 Bb4 6. Bd2 O-O 7. O-O-O
Re8 8. Nge2 d6 9. Bg5 h6 10. Bxf6 Qxf6 11. Nd5 Qd8 12. Nxb4 Nxb4 13. Qd2 a5
14. Nc3 Be6 15. a3 Na6 16. f4 Nc5 17. Re1 c6 18. g4 b5 19. f5 Bc8 20. Bg2
b4 21. Nb1 Rb8 22. e5 d5 23. a4 b3 24. c3 Qg5 25. Re3 Rxe5 26. Rxe5 Nd3+
27. Kd1 Qxd2+ 28. Nxd2 Nxe5 29. Re1 f6 30. Nf3 Nxf3 31. Bxf3 Kf7 32. Kd2
Bd7 33. c4 dxc4 34. Kc3 Rb4 35. Be2 Rxa4 36. Bxc4+ Kf8 37. Rd1 Ke7 38. Re1+
Kd6 39. Rd1+ Kc7 40. Re1 h5 41. gxh5 Kd6 42. Rg1 Bxf5 43. Rxg7 Kc5 44. Bxb3
Rh4 45. Bd1 Rxh2 46. Rf7 Rh3+ 47. Kd2 Kd4 48. Rxf6 Rh2+ 49. Kc1 Be4 50. Rf1
c5 51. Rg1 c4 52. Rg4 Ke3 53. Rg3+ Kf4 54. Rc3 Bd3 55. Ra3 Rh1 56. Kd2 Ke4
1-0

[Event "World Blitz 2023"]
[Site "Samarkand UZB"]
[Date "2023.12.30"]
[Round "13.21"]
[White "Ruck, Robert"]
[Black "Rakhmatullaev, Almas"]
[Result "1-0"]
[WhiteElo "2561"]
[BlackElo "2218"]
[EventDate "2023.12.29"]

1. Nf3 Nf6 2. c4 g6 3. d4 Bg7 4. g3 O-O 5. Bg2 c6 6. Nc3 d6 7. O-O Bf5 8.
Bg5 Ne4 9. Nxe4 Bxe4 10. Qd2 Re8 11. Rfd1 Nd7 12. Rac1 Rc8 13. b3 a6 14.
Qe3 d5 15. Bh3 Rc7 16. Nd2 Nf6 17. Bf4 Bf5 18. Bxf5 gxf5 19. Bxc7 Qxc7 20.
Qf4 Qd7 21. Nf3 e6 22. Ne5 Qd8 23. Nd3 Ng4 24. e3 Nf6 25. Qf3 Qa5 26. Rc2
Ne4 27. cxd5 Qxd5 28. Nc5 Re7 29. Nxe4 fxe4 30. Qg4 h5 31. Qe2 h4 32. Rc5
Qd6 33. Qh5 hxg3 34. hxg3 f5 35. Kg2 b6 36. Rcc1 Qd5 37. Qe2 Bf6 38. Qc4
Qd8 39. Qxc6 Kf7 40. Rc2 Qg8 41. Qc4 Qg6 42. Qe2 b5 43. Rdc1 e5 44. dxe5
Bxe5 45. Rc6 Qg5 46. Rh1 Re6 47. Rh7+ Kg8 48. Rxe6 1-0

[Event "World Blitz 2023"]
[Site "Samarkand UZB"]
[Date "2023.12.30"]
[Round "13.22"]
[White "Kezin, Roman"]
[Black "Martirosyan, Haik M."]
[Result "0-1"]
[WhiteElo "2492"]
[BlackElo "2770"]
[EventDate "2023.12.29"]

1. d4 Nf6 2. c4 e6 3. Nf3 b6 4. g3 Ba6 5. Qc2 Bb7 6. Bg2 Bb4+ 7. Nc3 Be4 8.
Qb3 Nc6 9. O-O Bxc3 10. Qxc3 O-O 11. Rd1 a5 12. Bf4 d6 13. Bf1 Ne7 14. Rac1
h6 15. Nd2 Bb7 16. f3 Nh5 17. Be3 f5 18. Bf2 Nf6 19. Bg2 Qd7 20. e4 fxe4
21. fxe4 Ng4 22. Be1 e5 23. d5 Qe8 24. h3 Nf6 25. Bf2 Nh5 26. Rf1 Qg6 27.
Kh2 Rf6 28. Bg1 Raf8 29. Rxf6 Nxf6 30. Rf1 Bc8 31. Qe3 Qh5 32. Kh1 Bxh3 33.
Bh2 Bxg2+ 34. Kxg2 Qxh2+ 0-1

[Event "World Blitz 2023"]
[Site "Samarkand UZB"]
[Date "2023.12.30"]
[Round "13.23"]
[White "Kosakowski, Jakub"]
[Black "Iturrizaga Bonelli, Eduardo"]
[Result "0-1"]
[WhiteElo "2485"]
[BlackElo "2645"]
[EventDate "2023.12.29"]

1. e4 c5 2. Nf3 Nc6 3. d4 cxd4 4. Nxd4 Qb6 5. Nb3 Nf6 6. Nc3 e6 7. a3 a6 8.
Be3 Qc7 9. f4 d6 10. Qf3 b5 11. Bd3 Be7 12. g4 h6 13. h4 h5 14. gxh5 Rb8
15. Rg1 Nxh5 16. O-O-O b4 17. axb4 Nxb4 18. Kb1 Bd7 19. Qe2 Nxd3 20. Qxd3
a5 21. Nd2 O-O 22. Bd4 f6 23. Qf3 Be8 24. f5 Rb4 25. Nf1 Qb7 26. b3 e5 27.
Be3 a4 28. Nd5 axb3 29. Nxb4 Qxb4 30. c3 Qxc3 31. Qe2 Bb5 32. Qd2 Qc4 33.
Qd5+ Qxd5 34. Rxd5 Bc6 35. Rd1 Bxe4+ 36. Kb2 d5 37. Nd2 Bxf5 38. Nxb3 d4
39. Bd2 Rb8 40. Ra1 Be6 41. Ra7 Rxb3+ 42. Kc2 Bf8 43. Ra8 Rb7 44. Bc1 Kf7
45. Ba3 Bxa3 46. Rxa3 Nf4 47. Rag3 Bf5+ 0-1

[Event "World Blitz 2023"]
[Site "Samarkand UZB"]
[Date "2023.12.30"]
[Round "13.24"]
[White "Nogerbek, Kazybek"]
[Black "Sanal, Vahap"]
[Result "1-0"]
[WhiteElo "2488"]
[BlackElo "2637"]
[EventDate "2023.12.29"]

1. d4 d6 2. e4 Nf6 3. Nc3 e5 4. Nf3 Nbd7 5. Rg1 g6 6. g4 Bg7 7. Be3 c6 8.
Qd2 b5 9. a3 O-O 10. O-O-O a5 11. dxe5 dxe5 12. Qd6 b4 13. Na4 bxa3 14.
bxa3 Nxe4 15. Qxc6 Qe7 16. Rd3 Rb8 17. Qxe4 Bb7 18. Bg5 Qe6 19. Qe1 e4 20.
Bf4 Rbc8 21. Rxd7 Rxc2+ 22. Kxc2 Qxd7 23. Nb6 Qc6+ 24. Nc4 exf3 25. Bd3
Qa4+ 26. Kc1 Qb3 27. Qd2 Rd8 28. Rd1 Be4 29. Qc2 Qxc2+ 30. Bxc2 Rc8 31.
Bxe4 Rxc4+ 32. Kb1 Bf6 33. Re1 Kg7 34. Bc1 Rc5 35. Bxf3 Rb5+ 36. Ka2 Rc5
37. Be4 Bh4 38. Be3 Rc7 39. Rc1 Re7 40. Rc4 Bf6 41. h3 h5 42. gxh5 gxh5 43.
Bf3 Rd7 44. Bxh5 Rb7 45. Bd4 1-0

[Event "World Blitz 2023"]
[Site "Samarkand UZB"]
[Date "2023.12.30"]
[Round "13.26"]
[White "Suyarov, Mukhammadzokhid"]
[Black "Idani, Pouya"]
[Result "0-1"]
[WhiteElo "2449"]
[BlackElo "2574"]
[EventDate "2023.12.29"]

1. e4 c6 2. d4 d5 3. e5 c5 4. c3 Nc6 5. h3 Bf5 6. Nf3 e6 7. Bd3 Bg6 8. O-O
Qb6 9. a4 c4 10. Bc2 Nge7 11. Nbd2 Bxc2 12. Qxc2 Ng6 13. b3 cxb3 14. Nxb3
Be7 15. Be3 O-O 16. Nbd2 Qc7 17. Rab1 Na5 18. Qd3 Rac8 19. Rfc1 b6 20. g3
f6 21. exf6 gxf6 22. h4 Bd6 23. Bh6 Rf7 24. Re1 Re8 25. Rbc1 Qd7 26. c4
Qxa4 27. cxd5 exd5 28. Qf5 Rxe1+ 29. Rxe1 Qd7 30. Qxd5 Bf8 31. Qh5 Nc6 32.
Be3 Nb4 33. Rc1 a5 34. Nc4 Nd5 35. Nfd2 a4 36. Qd1 b5 37. h5 Nge7 38. Nb2
Nf5 39. Nf1 a3 40. Nd3 b4 41. Qb3 Ndxe3 42. fxe3 Kh8 43. Nc5 Qe7 44. Qxb4
Rg7 45. Qe1 a2 46. Ra1 Qd6 47. Ne4 Qc6 48. Nf2 Nxg3 49. Nxg3 Rxg3+ 50. Kf1
Qc4+ 51. Nd3 Qxd3+ 52. Kf2 Bd6 53. Rxa2 Qf5+ 0-1